Concursos literarios de la Asamblea de Caballeros de San Jorge
Publicado:
San Jorge, núm. 96 - 97 (juliol 1976), pàg 88 - 89 :
MARC
| LEADER | 00000nam a2200000Ia 4500 | ||
|---|---|---|---|
| 001 | |||
| 008 | 160829s9999 xx 000 0 cat d | ||
| 245 | |a Concursos literarios de la Asamblea de Caballeros de San Jorge | ||
| 260 | |a San Jorge, núm. 96 - 97 (juliol 1976), pàg 88 - 89 | ||
| 650 | |a Asamblea de Caballeros de San Jorge (Barcelona) |9 41613 | ||
| 650 | |a Certèmens literaris |x Catalunya |9 44709 | ||
| 901 | |a Arxiu | ||
| 942 | |n 1 | ||
| 952 | |0 0 |1 0 |4 0 |7 1 |9 52128 |a Arxiu |b Arxiu |d 2016-12-01 |l 0 |r 2016-12-01 00:00:00 |w 2016-12-01 |y ARXIU | ||
| 999 | |c 55976 |d 55976 | ||